00520nam a2200193 a 4500001001300000003000900013005001700022008004100039020001000080082001800090100002100108245006200129260003300191300000900224500003500233505001700268650002000285700002100305nice12345678IN_TiNIC20260116013343.0050524s1999 dela grp 000 0 eng  ac19500a346.0134bKHA aKhan, Badre Alam aEconomic Rights of Women Under Islamic Law and Hindu Law. aDelhibAdam Publishersc1999 a131p aincludes index and biblioraphy2 aAPPENDIX-`A` aWomen-India-Law1 aKhan, Badre Alam